Slovakia hockey squad 2024 - Statistics

General Stats
  • This quiz has been taken 70 times
  • The average score is 17 of 25
Answer Stats
Position Answer % Correct
Forward Juraj Slafkovsky
100%
Defence Simon Nemec
92%
Forward Tomas Tatar
92%
Goalkeeper Samuel Hlavaj
87%
Goalkeeper Stanislav Skorvanek
85%
Forward Marek Hrivik
83%
Defence Martin Fehervary
78%
Forward Peter Cehlarik
78%
Forward Libor Hudacek
75%
Forward Martin Pospisil
73%
Forward Pavol Regenda
72%
Forward Matus Sukel
70%
Defence Michal Ivan
67%
Defence Peter Ceresnak
67%
Forward Marko Dano
65%
Goalkeeper Matej Tomek
63%
Defence Patrik Koch
63%
Forward Milos Kelemen
60%
Forward Lukas Cingel
53%
Forward Martin Fasko-Rudas
53%
Forward Viliam Cacho
53%
Defence Mario Grman
52%
Defence Frantisek Gajdos
48%
Forward Andrej Kudrna
47%
Defence Andrej Golian
37%
No matching quizzes found
Score Distribution
Percent of People with Each Score
Percentile by Number Answered
Your Score History
You have not taken this quiz